000 00452nam a2200181Ia 4500
001 10268
005 20260306161819.0
008 260306t1988||||xx |||||||||||||| ||spa||
041 _aESP
082 _a910.8
_bU53
100 _aOrtiz Sotelo, Jorge
_eAUT
245 0 _aUn derrotero inglés de las costas de América (1703-1704)
260 _c1988
300 _a127 páginas :
_ccm.
650 _aGEN
654 _aCHU
942 _cLIB
_dJUS
_fJUS
_2ddc
_n
999 _c10268
_d10268